[Event "Nord-Est"]
[Site "?"]
[Date "2017.04.02"]
[Round "5"]
[White "Léonardy, Baptiste"]
[Black "Dazin, Nathan"]
[Result "0-1"]
[WhiteElo "1142"]
[BlackElo "1286"]
[PlyCount "56"]
[SourceDate "2017.03.26"]

1. e4 e5 2. Nf3 Nc6 3. Bc4 Bc5 4. d3 Nf6 5. c3 d5 6. Bb5 dxe4 7. Nxe5 O-O 8.
Nxc6 bxc6 9. Bxc6 Rb8 10. Bxe4 Nxe4 11. dxe4 Qxd1+ 12. Kxd1 Bb7 13. Nd2 Bxf2
14. Rf1 Be3 15. Nb3 Bxc1 16. Kxc1 Bxe4 17. Rf2 Rfe8 18. Nd2 Bg6 19. b3 Rbd8 20.
Kb2 Rd5 21. Nc4 h6 22. Ka3 a5 23. Ka4 Re4 24. Rb1 Rh5 25. g3 Rxc4+ 26. bxc4
Bxb1 27. Rb2 Bg6 28. Rb5 Rxh2 0-1

[Event "Nord-Est"]
[Site "?"]
[Date "2017.04.02"]
[Round "5"]
[White "Houry, Emmanuel"]
[Black "Juppin de Fondaumier, Angel"]
[Result "1-0"]
[WhiteElo "1032"]
[BlackElo "1009"]
[PlyCount "69"]
[SourceDate "2017.03.26"]

1. e4 e5 2. Bc4 Nh6 3. d4 Bb4+ 4. c3 Ba5 5. Bxh6 gxh6 6. Qf3 O-O 7. Qg3+ Kh8 8.
dxe5 Qg5 9. Nh3 Qg6 10. Nf4 Qg7 11. Nh5 Qg6 12. Qf3 Rg8 13. Nf4 Qb6 14. O-O
Qxb2 15. Nh5 Qxa1 16. Nf6 Rg7 17. Qf5 Qxc3 18. Nxc3 Bxc3 19. Be2 Nc6 20. Bg4 d6
21. exd6 cxd6 22. Qd5 Bb4 23. e5 Ne7 24. Qe4 Bxg4 25. Nxg4 b6 26. Nxh6 a5 27.
Qxa8+ Ng8 28. Qa7 dxe5 29. Nxf7+ Rxf7 30. Qxf7 Bc5 31. Qe6 Bxf2+ 32. Rxf2 b5
33. Qxe5+ Nf6 34. Rxf6 b4 35. Rf8# 1-0

[Event "Nord-Est"]
[Site "?"]
[Date "2017.04.02"]
[Round "5"]
[White "Play, Gilles"]
[Black "Rebut, Paul"]
[Result "1-0"]
[WhiteElo "1624"]
[BlackElo "1122"]
[PlyCount "129"]
[SourceDate "2017.03.26"]

1. e4 c5 2. c3 Nf6 3. e5 Nd5 4. d4 cxd4 5. Nf3 Nc6 6. cxd4 d6 7. Bc4 Nb6 8. Bb3
dxe5 9. d5 Nb4 10. Nc3 Bg4 11. a3 e4 12. Nxe4 N4xd5 13. h3 Bf5 14. Qe2 e6 15.
O-O Be7 16. Rd1 Qc7 17. Bd2 O-O 18. Rac1 Qd7 19. Ng3 Bg6 20. Ne5 Qd8 21. Be3
Rc8 22. Bxb6 Qxb6 23. Bxd5 exd5 24. Nd7 Qd6 25. Nxf8 Rxc1 26. Rxc1 Kxf8 27. Qb5
b6 28. Rd1 Qc5 29. Qxc5 Bxc5 30. Rxd5 Ke7 31. b4 Ke6 32. Rd2 Bd6 33. Ne2 Be5
34. Nd4+ Kf6 35. Nc6 Bf4 36. Rd7 a6 37. Ra7 Bd3 38. Nd8 Bc4 39. Rb7 b5 40. Rb6+
Kg5 41. Rxa6 Bc7 42. Nc6 Bd5 43. Nd4 Be5 44. Nxb5 Bc4 45. Ra5 Kf4 46. a4 f5 47.
Ra7 h5 48. Na3 Bb3 49. a5 Bc3 50. b5 g5 51. b6 Bd4 52. Nb5 Be5 53. Nc7 g4 54.
Ra8 gxh3 55. gxh3 Kg5 56. a6 Kh4 57. Re8 Bf4 58. a7 Kxh3 59. Re3+ Bxe3 60. fxe3
Bc2 61. a8=Q Be4 62. Qh8 Kh4 63. Qg7 f4 64. Ne6 Bd5 65. Nxf4 1-0

[Event "Nord-Est"]
[Site "?"]
[Date "2017.04.02"]
[Round "5"]
[White "Evrin, Selvam"]
[Black "Siffert, Arman"]
[Result "1/2-1/2"]
[WhiteElo "1487"]
[BlackElo "1307"]
[PlyCount "100"]
[SourceDate "2017.03.26"]

1. e4 c5 2. Nf3 d6 3. d4 cxd4 4. Nxd4 Nf6 5. Nc3 a6 6. g3 g6 7. Bg2 Bg7 8. O-O
O-O 9. f4 e5 10. Nde2 Qc7 11. Be3 Nc6 12. Kh1 b5 13. a4 bxa4 14. Nxa4 Bb7 15.
Nec3 Rfd8 16. Bb6 Qd7 17. Bxd8 Qxd8 18. Nd5 Nxd5 19. Qxd5 Qc7 20. Qd2 exf4 21.
Qxf4 Rc8 22. Nc3 Ne5 23. Nd5 Qd8 24. c3 Rb8 25. Nf6+ Kh8 26. Qh4 h5 27. Qf4 Bc6
28. Ra2 Bb5 29. Rf2 Nd3 30. Qd2 Nxf2+ 31. Qxf2 Qxf6 32. Qa7 Rf8 33. Ra1 Bh6 34.
Rd1 Re8 35. Qc7 Qe7 36. Qb6 Rd8 37. Qd4+ Kg8 38. e5 d5 39. Bxd5 Bc6 40. c4
Bxd5+ 41. cxd5 Bg7 42. Re1 Qb7 43. Rd1 Re8 44. Re1 Qc7 45. d6 Qc6+ 46. Kg1 Rd8
47. Qf4 Qc5+ 48. Kg2 Qd5+ 49. Kh3 Qe6+ 50. Kg2 Qd5+ 1/2-1/2

[Event "Nord-Est"]
[Site "?"]
[Date "2017.04.02"]
[Round "5"]
[White "Padre, Maxime"]
[Black "Travers, Christophe"]
[Result "0-1"]
[WhiteElo "1307"]
[BlackElo "1847"]
[PlyCount "94"]
[SourceDate "2017.03.26"]

1. Nf3 d5 2. c4 e6 3. Nc3 Nf6 4. d3 Bb4 5. Bd2 O-O 6. a3 Be7 7. g3 d4 8. Na2 c5
9. Bg2 Nc6 10. O-O h6 11. b4 Qc7 12. Rb1 Ne5 13. Nxe5 Qxe5 14. Bf4 Qf5 15. e4
dxe3 16. Bxe3 cxb4 17. axb4 Rd8 18. d4 e5 19. d5 e4 20. Qc2 Qg6 21. Nc3 Bf5 22.
h3 h5 23. Rfe1 Rac8 24. c5 Nxd5 25. Bxe4 Nxe3 26. Rxe3 Bxe4 27. Qxe4 Qxe4 28.
Rxe4 Bf6 29. Nb5 a6 30. Nd6 Rb8 31. Rbe1 b6 32. c6 Rxd6 33. c7 Rf8 34. Rc4 Rc8
35. Re2 Kf8 36. Ra2 b5 37. Rcc2 Ke7 38. Rc1 Kd7 39. Rac2 Rd4 40. Kg2 Rxb4 41.
Rc6 Rc4 42. R6xc4 bxc4 43. Rxc4 Rxc7 44. Ra4 Ra7 45. Kf3 a5 46. Ke4 Bc3 47. Kd3
Bb4 0-1

[Event "Nord-Est"]
[Site "?"]
[Date "2017.04.02"]
[Round "5"]
[White "Leccia, Antoine"]
[Black "Ethève, LIonnel"]
[Result "0-1"]
[WhiteElo "1399"]
[BlackElo "1565"]
[PlyCount "148"]
[SourceDate "2017.03.26"]

1. d4 Nf6 2. c4 g6 3. f3 d5 4. cxd5 Nxd5 5. e4 Nb6 6. Be3 Bg7 7. Bd3 Nc6 8. Ne2
Nb4 9. Bc2 Nc4 10. Bf2 O-O 11. Bb3 Nxb2 12. Qd2 N2d3+ 13. Kf1 Nxf2 14. Kxf2 Nc6
15. Rd1 e6 16. Nbc3 b6 17. Rac1 Ba6 18. Qe3 Na5 19. d5 exd5 20. Bxd5 Qh4+ 21.
Kg1 c6 22. Bb3 Bxe2 23. Nxe2 Nxb3 24. Qxb3 c5 25. a4 Rad8 26. a5 Rxd1+ 27. Rxd1
Rd8 28. g3 Rxd1+ 29. Qxd1 Qe7 30. Qb3 Qd6 31. Kf1 Kf8 32. Nf4 Qc6 33. axb6 axb6
34. Nd5 b5 35. Ke2 b4 36. Qc4 Qd6 37. Qa2 Qb8 38. Qc4 Bd4 39. Qb3 Qb5+ 40. Qd3
Qxd3+ 41. Kxd3 Bg1 42. h3 Bh2 43. g4 Bg1 44. Kc4 Kg7 45. g5 h6 46. f4 hxg5 47.
fxg5 Bf2 48. Nb6 Be3 49. Na4 Kf8 50. Kd5 Bd4 51. Kc4 Ke7 52. Kd3 Ke6 53. Nb6
Ke5 54. Nc4+ Kf4 55. h4 f6 56. h5 fxg5 57. hxg6 Bg7 58. e5 Kf5 59. Nd6+ Kxe5
60. Ne8 Bh8 61. g7 Bxg7 62. Nxg7 g4 63. Nh5 Kf5 64. Ke2 c4 65. Kd2 Kg5 66. Ng3
Kh4 67. Ne2 g3 68. Ke1 c3 69. Nd4 Kh3 70. Kf1 Kh2 71. Nf3+ Kh1 72. Ke2 g2 73.
Kf2 c2 74. Ke2 c1=Q 0-1

[Event "Nord-Est"]
[Site "?"]
[Date "2017.04.02"]
[Round "5"]
[White "Dace, Emeric"]
[Black "Mercadal, Théo"]
[Result "0-1"]
[WhiteElo "1618"]
[BlackElo "1633"]
[PlyCount "182"]
[SourceDate "2017.03.26"]

1. Nf3 d5 2. b3 Nf6 3. Bb2 Bf5 4. g3 e6 5. Bg2 c5 6. d3 Be7 7. Nbd2 O-O 8. O-O
Nc6 9. Re1 Bg6 10. e4 d4 11. Nc4 Qc7 12. Bc1 e5 13. Nh4 h6 14. Nxg6 fxg6 15. f4
Nd7 16. Qg4 Kh7 17. Bh3 Rad8 18. Rf1 b5 19. Nxe5 Ncxe5 20. fxe5 Rxf1+ 21. Bxf1
Nxe5 22. Qe2 Rf8 23. Bg2 Bd6 24. Bd2 c4 25. dxc4 bxc4 26. bxc4 Nxc4 27. Qd3 Be5
28. Rf1 Rd8 29. Bc1 Ne3 30. Rf2 Nc4 31. Bf1 Nd6 32. Bf4 Nf7 33. Bxe5 Nxe5 34.
Qb3 Qb6 35. Qxb6 axb6 36. a4 Rc8 37. Kg2 Kg8 38. h3 Rc3 39. Rd2 Nf3 40. Re2 Ne5
41. Rd2 Kf8 42. Bb5 Ke7 43. h4 Nf3 44. Re2 Ke6 45. Bd3 Ne5 46. Bb5 Nc4 47. Kh2
Ne3 48. Bd3 Ra3 49. Bb5 Ke5 50. Kg1 Kxe4 51. Bc6+ Ke5 52. Kf2 Ra2 53. Kf3 Rxc2
54. Rxc2 Nxc2 55. Ke2 Ne3 56. Kf2 Nd5 57. Ke2 Ke4 58. Kd2 Ke5 59. Ke2 Nb4 60.
Bb7 Kf5 61. Bf3 Ke5 62. Bb7 Kd6 63. Be4 Kc5 64. Kd2 Nd5 65. Bxg6 Nc3 66. Be8
Ne4+ 67. Ke2 Nxg3+ 68. Kf3 Nf5 69. Kg4 Ne7 70. Bb5 Kb4 71. Kf4 Kc3 72. Ke4 g6
73. Ke5 Nf5 74. h5 Nh4 75. hxg6 Nxg6+ 76. Kf6 Nf4 77. Kf5 Nd5 78. Kg6 d3 79.
Kxh6 d2 80. Be2 Ne3 81. Kg6 d1=Q 82. Bxd1 Nxd1 83. Kf5 Kb4 84. Ke5 Kxa4 85. Kd4
b5 86. Kd3 Kb3 87. Kd2 Nc3 88. Kc1 b4 89. Kd2 Kb2 90. Kd3 b3 91. Kd2 Nd5 0-1

[Event "Nord-Est"]
[Site "?"]
[Date "2017.04.02"]
[Round "5"]
[White "Muller, Sébastien"]
[Black "Larmet, Nino"]
[Result "0-1"]
[WhiteElo "1431"]
[BlackElo "1485"]
[PlyCount "97"]
[SourceDate "2017.03.26"]

1. e4 d6 2. Bc4 Nf6 3. h3 Nxe4 4. Qh5 e6 5. d3 Nf6 6. Qf3 d5 7. Bb5+ Bd7 8. c4
Bxb5 9. cxb5 c5 10. b3 Qa5+ 11. Bd2 Qxb5 12. Nc3 Qd7 13. Bg5 Be7 14. g4 h5 15.
Bf4 hxg4 16. hxg4 Rxh1 17. Qxh1 d4 18. Qh8+ Bf8 19. Ne4 Nxe4 20. dxe4 Nc6 21.
Qh4 e5 22. Bd2 Ne7 23. Rc1 Ng6 24. Qg5 Be7 25. Qh5 O-O-O 26. Qh7 Qxg4 27. Qh1
Nf4 28. Bxf4 Qxf4 29. Ne2 Qg5 30. Qh3+ Kb8 31. Rd1 Qh6 32. Qg3 Qh1+ 33. Kd2
Qxe4 34. Qxg7 d3 35. Nc3 Qf4+ 36. Ke1 Bh4 37. Rd2 Bxf2+ 38. Rxf2 Qc1+ 39. Nd1
d2+ 40. Ke2 Qc2 41. Qxe5+ Ka8 42. Rxf7 Qd3+ 43. Kf2 Qh3 44. Qg3 Qe6 45. Qf3
Qe1+ 46. Kg2 Rg8+ 47. Kh3 Qe6+ 48. Rf5 Rg5 49. Ne3 0-1

[Event "Nord-Est"]
[Site "?"]
[Date "2017.04.02"]
[Round "5"]
[White "Travers, Mathieu"]
[Black "Philips, liam"]
[Result "1-0"]
[WhiteElo "1099"]
[BlackElo "1009"]
[PlyCount "29"]
[SourceDate "2017.03.26"]

1. e4 e5 2. Nc3 Bc5 3. Qe2 Nf6 4. Nf3 d6 5. a3 c6 6. b4 Bb6 7. Qd1 Bg4 8. Bc4
O-O 9. O-O Bxf3 10. Qxf3 a6 11. d3 Ba7 12. Bg5 Qb6 13. h3 Nh5 14. Be7 Re8 15.
Qxf7+ 1-0

[Event "Nord-Est"]
[Site "?"]
[Date "2017.04.02"]
[Round "5"]
[White "Sandjivy, Jean-Marc"]
[Black "Mohamed, Kéziah"]
[Result "1-0"]
[WhiteElo "1292"]
[BlackElo "1010"]
[PlyCount "63"]
[SourceDate "2017.03.26"]

1. c4 e5 2. Nc3 Nf6 3. e3 Nc6 4. d4 exd4 5. exd4 d6 6. Qa4 Bd7 7. Qb3 Nxd4 8.
Qxb7 Nc2+ 9. Ke2 Nxa1 10. Bg5 Be7 11. Ne4 O-O 12. Nxf6+ Bxf6 13. Bxf6 Qxf6 14.
Qxc7 Qe6+ 15. Kd2 Ba4 16. Bd3 Rfc8 17. Qa5 Bc6 18. Bf5 Qh6+ 19. Kd3 Bxg2 20.
Bxc8 Rxc8 21. Qa6 Ra8 22. f3 Bxh1 23. Qb7 Rf8 24. Qxa7 Qxh2 25. b4 Qxg1 26.
Qxg1 Bxf3 27. Qxa1 Rb8 28. Qe1 h5 29. Qg3 Bb7 30. Qxd6 g5 31. Qxb8+ Kg7 32.
Qxb7 1-0

[Event "Nord-Est"]
[Site "?"]
[Date "2017.04.02"]
[Round "5"]
[White "Hoareau-Fontaine, Clément"]
[Black "Grondin, Elisa"]
[Result "0-1"]
[WhiteElo "1099"]
[BlackElo "1110"]
[PlyCount "103"]
[SourceDate "2017.03.26"]

1. e4 e5 2. Nf3 Nc6 3. Nc3 Nf6 4. Bc4 Bc5 5. Ng5 d5 6. exd5 Nxd5 7. Bxd5 Qxg5
8. Rg1 Qf6 9. Ne4 Qf4 10. Nxc5 Qd4 11. Bxf7+ Kxf7 12. Nb3 Qe4+ 13. Qe2 Qxc2 14.
Qf3+ Ke8 15. Qe3 Kd8 16. Qg5+ Ke8 17. Nd4 Qe4+ 18. Qe3 Qxe3+ 19. dxe3 exd4 20.
e4 Kd8 21. Bg5+ Kd7 22. Rd1 h6 23. Bf4 g5 24. Bg3 h5 25. e5 h4 26. e6+ Ke7 27.
Bxc7 Bxe6 28. f4 Rac8 29. Be5 gxf4 30. Bxh8 Rxh8 31. g3 hxg3 32. hxg3 Rh2 33.
Rb1 Bxa2 34. Rd1 Rxb2 35. gxf4 Rb3 36. Rf1 d3 37. f5 Kf6 38. Kf2 Ne5 39. Rd2
Ra3 40. Ra1 Nc4 41. Raxa2 Rxa2 42. Rxa2 d2 43. Ke2 a6 44. Ra4 b5 45. Rxa6+ Kxf5
46. Rc6 Ke4 47. Rc5 Kd4 48. Rxb5 Kc3 49. Rh5 Kc2 50. Rd5 Kc1 51. Rc5 d1=Q+ 52.
Kf2 0-1

[Event "Nord-Est"]
[Site "?"]
[Date "2017.04.02"]
[Round "5"]
[White "Carballar, Alexandre"]
[Black "Eboué, Yuri"]
[Result "1-0"]
[WhiteElo "1116"]
[BlackElo "1220"]
[PlyCount "99"]
[SourceDate "2017.03.26"]

1. Nf3 d6 2. g3 e5 3. d3 g6 4. e4 Nf6 5. Bg2 Bg7 6. O-O O-O 7. Nbd2 b5 8. Re1
Nbd7 9. Nf1 h5 10. h4 Ng4 11. N3h2 Ndf6 12. Ne3 c6 13. Bf3 Qd7 14. Nexg4 Nxg4
15. Nxg4 hxg4 16. Be2 c5 17. Kg2 f5 18. f4 d5 19. Be3 d4 20. Bd2 Bb7 21. Bf1 b4
22. c4 a5 23. b3 Bf6 24. a4 Qe7 25. Kg1 exf4 26. Bxf4 fxe4 27. dxe4 Bxe4 28.
Ra2 Rae8 29. Rae2 Qb7 30. Bd6 Rf7 31. Bxc5 Bf3 32. Bg2 Bxe2 33. Bxb7 Bxd1 34.
Rxe8+ Kg7 35. Bd5 Rc7 36. Bb6 Re7 37. Rxe7+ Bxe7 38. Bxd4+ Kh6 39. c5 Bd8 40.
Be5 g5 41. c6 gxh4 42. c7 Bxc7 43. Bxc7 Kg5 44. Bd8+ Kf5 45. Bxh4 Bf3 46. Bxf3
gxf3 47. Kf2 Ke4 48. g4 Kf4 49. g5 Kf5 50. Kxf3 1-0

[Event "Nord-Est"]
[Site "?"]
[Date "2017.04.02"]
[Round "6"]
[White "Siffert, Arman"]
[Black "Dace, Emeric"]
[Result "0-1"]
[WhiteElo "1309"]
[BlackElo "1618"]
[PlyCount "138"]
[SourceDate "2017.03.26"]

1. e4 e6 2. d4 d5 3. exd5 exd5 4. c4 Nf6 5. Nc3 Be7 6. Bd3 O-O 7. h3 Re8 8.
Nge2 dxc4 9. Bxc4 Bf5 10. Qb3 Bg6 11. Qxb7 Nbd7 12. O-O Nb6 13. Bb3 Bd3 14. Qf3
Bg6 15. Be3 Bb4 16. Nf4 Bxc3 17. bxc3 Be4 18. Qg3 Nbd5 19. Nxd5 Bxd5 20. Bc2
Be4 21. Ba4 Re6 22. f3 Bd3 23. Rfe1 Nd5 24. Bd2 Qe7 25. Rxe6 Qxe6 26. Re1 Qb6
27. Bb3 Nf6 28. Re7 Bg6 29. Qxc7 Qxc7 30. Rxc7 Ne8 31. Rd7 Nf6 32. Re7 a5 33.
Bg5 a4 34. Bd1 Nd5 35. Re2 Nxc3 36. Rd2 Nd5 37. Be2 f6 38. Bh4 Rc8 39. Bb5 a3
40. Ba4 Kf8 41. Bb3 Bf7 42. Bxd5 Bxd5 43. Bg3 Rc1+ 44. Kh2 Ke7 45. Rd3 Rc2 46.
Rxa3 Bxa2 47. Ra7+ Kf8 48. Bd6+ Kg8 49. Bc5 Bd5 50. Ra3 h5 51. Re3 Bc4 52. Re1
h4 53. Ba3 Ra2 54. Bc5 g5 55. Rb1 Bd3 56. Rc1 Be2 57. Rg1 Bxf3 58. Kh1 Bd5 59.
Be7 Kf7 60. Bd6 Kg6 61. Bc5 Rd2 62. Bb6 f5 63. Bc5 Rd3 64. Kh2 Rd2 65. Kh1 g4
66. hxg4 fxg4 67. Be7 h3 68. Kh2 Bxg2 69. Kg3 Bf3 0-1

[Event "Nord-Est"]
[Site "?"]
[Date "2017.04.02"]
[Round "6"]
[White "Ethève, Lionel"]
[Black "Evrin, Selvam"]
[Result "1-0"]
[WhiteElo "1565"]
[BlackElo "1487"]
[PlyCount "57"]
[SourceDate "2017.03.26"]

1. c4 e5 2. Nc3 Nc6 3. e3 f5 4. d3 Nf6 5. g3 Bb4 6. Bd2 Bxc3 7. Bxc3 d6 8. Bg2
O-O 9. Ne2 Qe8 10. d4 Qh5 11. Qc2 Rb8 12. Qb3 Kh8 13. Bxc6 f4 14. gxf4 Bg4 15.
Ng3 Qh6 16. fxe5 bxc6 17. exf6 Rxb3 18. fxg7+ Kg8 19. gxf8=Q+ Kxf8 20. axb3 Bf3
21. Rf1 Qxh2 22. Kd2 h5 23. Nxh5 Qxh5 24. Rxa7 Qh3 25. Rg1 Qh2 26. Ra8+ Kf7 27.
Rg7+ Ke6 28. Re8+ Kf5 29. Rf8+ 1-0

[Event "Nord-Est"]
[Site "?"]
[Date "2017.04.02"]
[Round "6"]
[White "Eric Andriana, Fitia"]
[Black "Carballar, Alexandre"]
[Result "1/2-1/2"]
[WhiteElo "1278"]
[BlackElo "1116"]
[PlyCount "72"]
[SourceDate "2017.03.26"]

1. e4 e5 2. Nf3 Nf6 3. Nc3 Nc6 4. Be2 Bc5 5. O-O O-O 6. d3 Re8 7. Bd2 Nd4 8.
Nh4 Nxe2+ 9. Nxe2 d5 10. Ng3 dxe4 11. Bg5 h6 12. Bxf6 Qxf6 13. Nxe4 Qxh4 14.
Nxc5 Qd4 15. Nb3 Qxb2 16. a3 Qc3 17. Re1 Bd7 18. d4 exd4 19. Rxe8+ Rxe8 20.
Nxd4 Ba4 21. h3 Rd8 22. Rb1 Rxd4 23. Qe2 Qc5 24. Rxb7 Rd8 25. Qg4 Bxc2 26. Qf4
Rd1+ 27. Kh2 Qd6 28. Qxd6 cxd6 29. Rxa7 Bg6 30. a4 Ra1 31. Kg3 Kh7 32. Kf4 Bc2
33. a5 Kg6 34. g4 f5 35. Ra8 Bd3 36. Rd8 Rxa5 1/2-1/2

[Event "Nord-Est"]
[Site "?"]
[Date "2017.04.02"]
[Round "6"]
[White "Bremond, Pierre"]
[Black "Sandjivy, Jean-Marc"]
[Result "1/2-1/2"]
[WhiteElo "1493"]
[BlackElo "1292"]
[PlyCount "96"]
[SourceDate "2017.03.26"]

1. d4 Nf6 2. c4 b6 3. Nc3 Bb7 4. Nf3 d5 5. cxd5 Nxd5 6. Qc2 e6 7. Nxd5 Bxd5 8.
e4 Bb7 9. Bd3 Nc6 10. Qa4 Bc5 11. Bg5 Bb4+ 12. Bd2 Bxd2+ 13. Nxd2 Qxd4 14. Qxd4
Nxd4 15. O-O O-O-O 16. Rac1 Nf3+ 17. Nxf3 Rxd3 18. Ne5 Rd4 19. f3 f6 20. Nc6
Bxc6 21. Rxc6 e5 22. Rfc1 Rd7 23. a4 Rhd8 24. Kf2 Rd2+ 25. Kg3 R8d7 26. b4 R2d6
27. a5 Rxc6 28. Rxc6 Rd6 29. Rc2 bxa5 30. bxa5 Ra6 31. Rc5 Kd7 32. f4 Kd6 33.
Rd5+ Kc6 34. fxe5 fxe5 35. Rxe5 Kd6 36. Kf4 c5 37. Rd5+ Kc6 38. Rd2 Rxa5 39. e5
Ra4+ 40. Kf5 Rd4 41. Ra2 Kb6 42. e6 Rd5+ 43. Ke4 Rd4+ 44. Ke5 Kc6 45. Rxa7 Rd5+
46. Ke4 Rd4+ 47. Ke5 Rd5+ 48. Ke4 Rd4+ 1/2-1/2

[Event "Nord-Est"]
[Site "?"]
[Date "2017.04.02"]
[Round "6"]
[White "Chabas, Alain"]
[Black "Leccia, Antoine"]
[Result "0-1"]
[WhiteElo "1810"]
[BlackElo "1399"]
[PlyCount "64"]
[SourceDate "2017.03.26"]

1. e4 e6 2. f4 d5 3. exd5 exd5 4. Nf3 Nf6 5. d4 Bd6 6. Nc3 O-O 7. Bd3 Re8+ 8.
Ne5 c6 9. O-O Qb6 10. Ne2 Ng4 11. Nxg4 Bxg4 12. c3 Nd7 13. h3 Bxe2 14. Bxe2 Nf6
15. Bd3 Re7 16. f5 h6 17. g4 Ne4 18. Bxe4 Rxe4 19. f6 g5 20. h4 Qc7 21. Rf2 Bg3
22. Rg2 Re1+ 23. Qxe1 Bxe1 24. hxg5 Bh4 25. gxh6 Re8 26. Bd2 Bxf6 27. Rf1 Qd8
28. g5 Be7 29. g6 fxg6 30. Rxg6+ Kh8 31. Bf4 Rg8 32. Be5+ Kh7 0-1

[Event "Nord-Est"]
[Site "?"]
[Date "2017.04.02"]
[Round "6"]
[White "Mohamed, Kéziah"]
[Black "Eboué, Ihone"]
[Result "0-1"]
[WhiteElo "1010"]
[BlackElo "1140"]
[PlyCount "88"]
[SourceDate "2017.03.26"]

1. e4 e5 2. Nf3 Nc6 3. Bc4 Bc5 4. O-O Nf6 5. Nc3 O-O 6. a3 d6 7. b4 Bd4 8. Bb2
Bg4 9. b5 Bxc3 10. Bxc3 Nd4 11. d3 Bxf3 12. gxf3 Nh5 13. Kh1 Qf6 14. Bxd4 exd4
15. f4 Nxf4 16. c3 Qg6 17. Rg1 Qf6 18. f3 dxc3 19. d4 Nh3 20. Rg2 c2 21. Qd2
Qxf3 22. Rf1 Qxe4 23. Re1 Qf3 24. Qxc2 Nf4 25. Reg1 Nxg2 26. Rxg2 d5 27. Be2
Qe4 28. Bd3 Qe1+ 29. Rg1 Qh4 30. Qg2 g6 31. Qxd5 Rad8 32. Qxb7 Rxd4 33. Qf3
Rfd8 34. Rd1 Qf4 35. Qe2 Qg4 36. Qf1 Kg7 37. h3 Qg3 38. a4 Rxd3 39. Rxd3 Rxd3
40. b6 cxb6 41. a5 Qxh3+ 42. Kg1 Qxf1+ 43. Kh2 Qe2+ 44. Kh1 Rd1# 0-1

[Event "Nord-Est"]
[Site "?"]
[Date "2017.04.02"]
[Round "6"]
[White "Dazin, Nathan"]
[Black "Muller, Sébastien"]
[Result "0-1"]
[WhiteElo "1286"]
[BlackElo "1531"]
[PlyCount "60"]
[SourceDate "2017.03.26"]

1. g3 c5 2. d3 g6 3. Bg2 Bg7 4. Nf3 Nf6 5. O-O Nc6 6. Be3 d6 7. Qc1 Ng4 8. c3
h6 9. Re1 g5 10. Bd2 Nge5 11. Nxe5 Bxe5 12. f4 gxf4 13. Bxf4 Bg7 14. Be3 h5 15.
Bf2 Qb6 16. Bf3 Bh6 17. Qd1 Qxb2 18. Bxh5 Be6 19. Qa4 Qxa1 20. a3 Qb2 21. c4
Bd2 22. Nxd2 Qxd2 23. Rd1 Qh6 24. Bxf7+ Bxf7 25. h4 Qg6 26. Qb5 Rb8 27. Qb2
Rxh4 28. e3 Qg4 29. Kg2 Qh3+ 30. Kf3 Bh5# 0-1

[Event "Nord-Est"]
[Site "?"]
[Date "2017.04.02"]
[Round "6"]
[White "Houwenaghel, Maxime"]
[Black "Léonardy, Batiste"]
[Result "1-0"]
[WhiteElo "1010"]
[BlackElo "1142"]
[PlyCount "93"]
[SourceDate "2017.03.26"]

1. e4 e5 2. Nf3 Nc6 3. d4 Bd6 4. Nc3 Nf6 5. Bg5 exd4 6. Nxd4 Ne5 7. Nd5 Be7 8.
Nf3 h6 9. Nxe7 Qxe7 10. Bf4 Nxf3+ 11. Qxf3 Nxe4 12. O-O-O d6 13. Re1 Bf5 14. g4
Bh7 15. Bd3 g5 16. Bxe4 gxf4 17. Bxb7 Rb8 18. Rxe7+ Kxe7 19. Re1+ Kf8 20. Bc6
Kg7 21. Qc3+ f6 22. Bd5 Rhe8 23. Re6 Rxe6 24. Bxe6 Re8 25. Qxc7+ Kh8 26. Qf7
Rg8 27. Qxf6+ Rg7 28. Qd8+ Bg8 29. Qh4 Bxe6 30. Qxh6+ Rh7 31. Qxe6 Rxh2 32. f3
Rh3 33. Qxd6 Rxf3 34. c4 Rf1+ 35. Kc2 f3 36. Kd2 f2 37. Ke2 Rc1 38. Kxf2 Rxc4
39. b3 Rxg4 40. a4 a5 41. Qb8+ Rg8 42. Qb6 Rg5 43. Ke3 Rd5 44. Ke4 Rh5 45. Qc6
Rh3 46. Qc8+ Kg7 47. Qxh3 1-0

[Event "Nord-Est"]
[Site "?"]
[Date "2017.04.02"]
[Round "6"]
[White "Laoussing, Stéphane"]
[Black "Travers, Mathieu"]
[Result "1-0"]
[WhiteElo "1330"]
[BlackElo "1099"]
[PlyCount "73"]
[SourceDate "2017.03.26"]

1. c4 e5 2. Nc3 Nc6 3. e4 Nf6 4. Nf3 Bc5 5. d3 d6 6. Bg5 Bg4 7. h3 Bh5 8. Qb3
h6 9. Bh4 g5 10. Bg3 g4 11. hxg4 Bxg4 12. Ng5 Qe7 13. Qxb7 Rd8 14. Qxc6+ Kf8
15. Nf3 Bxf3 16. gxf3 Ng8 17. Bh4 f6 18. Nd5 Qf7 19. Qxc7 Rd7 20. Qc8+ Qe8 21.
Qxe8+ Kxe8 22. Rg1 Rf7 23. O-O-O a5 24. Bh3 Bxf2 25. Bxf2 Ne7 26. Bh4 Nxd5 27.
exd5 f5 28. Rg6 Kd7 29. Rdg1 e4 30. Rg7 Rhf8 31. Bxf5+ Kc7 32. dxe4 Kb6 33.
Rxf7 Rxf7 34. Rg6 Rc7 35. Bd8 a4 36. Bxc7+ Kxc7 37. Rxh6 1-0

[Event "Nord-Est"]
[Site "?"]
[Date "2017.04.02"]
[Round "6"]
[White "Juppin De Faudaumière, Angel"]
[Black "Houry, Raphaël"]
[Result "1-0"]
[WhiteElo "1009"]
[BlackElo "1190"]
[PlyCount "22"]
[SourceDate "2017.03.26"]

1. e4 e5 2. Nf3 Nc6 3. Bc4 Nf6 4. d3 Bc5 5. O-O O-O 6. Nh4 Ng4 7. Nf5 Bxf2+ 8.
Kh1 g6 9. Nh6+ Kh8 10. Qxg4 Nd4 11. Rxf2 Nxc2 {
Impossible de poursuivre la saisie} 1-0

[Event "Nord-Est"]
[Site "?"]
[Date "2017.04.02"]
[Round "6"]
[White "Vanwaescappel, Simon"]
[Black "Hoareau-Fontaine, Clément"]
[Result "0-1"]
[WhiteElo "1009"]
[BlackElo "1099"]
[PlyCount "166"]
[SourceDate "2017.03.26"]

1. e4 e5 2. Nf3 Nc6 3. Bc4 Nf6 4. Ng5 d5 5. Bb3 Bc5 6. d4 Bxd4 7. c3 Bc5 8.
exd5 Ne7 9. d6 Qxd6 10. Nxf7 Qxd1+ 11. Kxd1 Rf8 12. Bg5 Bg4+ 13. f3 Bf5 14. Na3
c6 15. Nc4 Rd8+ 16. Ncd6+ Rxd6+ 17. Nxd6+ Bxd6 18. Be3 Nfd5 19. Bxa7 e4 20.
fxe4 Bxe4 21. g4 Nc8 22. Bd4 c5 23. Bxg7 Rf7 24. Ba4+ Kd8 25. Bh6 Ncb6 26. Bg5+
Be7 27. Bxe7+ Nxe7 28. Bb5 Ned5 29. c4 Ne3+ 30. Kd2 Nexc4+ 31. Kc1 Nd6 32. Rd1
Kc7 33. h4 Nxb5 34. g5 Bf3 35. Re1 Rf4 36. Re7+ Nd7 37. Rxh7 Rc4+ 38. Kd2 Be4
39. Rf1 Rd4+ 40. Kc1 Rc4+ 41. Kd1 Rb4 42. Rhf7 Rxb2 43. Re1 Nc3+ 44. Kc1 Rb1+
45. Kd2 Rxe1 46. Kxe1 b5 47. g6 Bxg6 48. Rg7 Bf5 49. h5 Nxa2 50. h6 b4 51. h7
Bxh7 52. Rxh7 b3 53. Kd1 b2 54. Kc2 Nb4+ 55. Kxb2 Nd3+ 56. Kc2 Nf4 57. Kc3 Ng6
58. Kc4 Ngf8 59. Rg7 Kc6 60. Rg5 Ne6 61. Rf5 Nb6+ 62. Kb3 c4+ 63. Kc3 Na4+ 64.
Kxc4 Nb6+ 65. Kb3 Nd4+ 66. Kc3 Nxf5 67. Kd3 Kd5 68. Kc3 Na4+ 69. Kb3 Nc5+ 70.
Kb4 Nd3+ 71. Kc3 Ke4 72. Kc4 Nd6+ 73. Kc3 Nb5+ 74. Kc4 Nd6+ 75. Kc3 Ke3 76. Kc2
Ne1+ 77. Kd1 Kf2 78. Kd2 Ne4+ 79. Kd1 Nc3+ 80. Kd2 Nb1+ 81. Kc1 Nc3 82. Kb2
Nd1+ 83. Kc1 Ke2 0-1

[Event "Nord-Est"]
[Site "?"]
[Date "2017.04.02"]
[Round "6"]
[White "Eboué, Yuri"]
[Black "Vanwaescappel, Vincent"]
[Result "1-0"]
[WhiteElo "1220"]
[BlackElo "1099"]
[PlyCount "47"]
[SourceDate "2017.03.26"]

1. e4 e5 2. Nf3 Nc6 3. Bc4 Nd4 4. Nxd4 exd4 5. d3 Nf6 6. Bg5 Be7 7. Nd2 Ng4 8.
Bxe7 Qxe7 9. Qxg4 d5 10. Qxg7 Rf8 11. Bxd5 Bf5 12. Qxd4 O-O-O 13. O-O Be6 14.
c4 c6 15. Qxa7 cxd5 16. cxd5 Bd7 17. Rfc1+ Bc6 18. Rxc6+ bxc6 19. Qxe7 cxd5 20.
exd5 Rfe8 21. Qxf7 Rd7 22. Qxe8+ Kc7 23. Rc1+ Kd6 24. Qe6# 1-0

[Event "Nord-Est"]
[Site "?"]
[Date "2017.04.02"]
[Round "6"]
[White "Rebut, Paul"]
[Black "Alfonsi, Romain"]
[Result "1-0"]
[WhiteElo "1122"]
[BlackElo "1160"]
[PlyCount "38"]
[SourceDate "2017.03.26"]

1. e4 e5 2. Nf3 Nc6 3. Bc4 Bc5 4. c3 Nf6 5. d4 exd4 6. cxd4 Bb4+ 7. Bd2 Bxd2+
8. Nbxd2 O-O 9. e5 Ne8 10. O-O d6 11. Re1 dxe5 12. dxe5 Be6 13. Qb3 Bxc4 14.
Qxc4 Nxe5 15. Rxe5 Qxd2 16. Nxd2 Nd6 17. Qxc7 Rad8 18. Rae1 Rde8 19. Qxd6 h6
1-0

[Event "Nord-Est"]
[Site "?"]
[Date "2017.04.02"]
[Round "6"]
[White "Sandjivy, Yann"]
[Black "Houry, Emmanuel"]
[Result "0-1"]
[WhiteElo "1010"]
[BlackElo "1030"]
[PlyCount "22"]
[SourceDate "2017.03.26"]

1. e4 e5 2. Bc4 Bc5 3. Nf3 Nf6 4. Ng5 O-O 5. Nc3 Nc6 6. Nf3 Ng4 7. O-O Na5 8.
Nb5 Nxc4 9. Qe2 Nd6 10. Kh1 Nxb5 11. Nxe5 Nxe5 {Saisie impossible} 0-1

[Event "Nord-Est"]
[Site "?"]
[Date "2017.04.02"]
[Round "6"]
[White "Travers, Christophe"]
[Black "Larmet, Nino"]
[Result "1-0"]
[WhiteElo "1841"]
[BlackElo "1485"]
[PlyCount "43"]
[SourceDate "2017.03.26"]

1. d4 d5 2. c4 c6 3. Nc3 e6 4. Nf3 Nf6 5. e3 Nbd7 6. Bd3 dxc4 7. Bxc4 b5 8. Bd3
Bb7 9. O-O a6 10. a3 Bd6 11. e4 Bc7 12. e5 Nd5 13. Nxd5 cxd5 14. Re1 O-O 15.
Bxh7+ Kxh7 16. Ng5+ Kg8 17. Qh5 Re8 18. Qxf7+ Kh8 19. Qh5+ Kg8 20. Qh7+ Kf8 21.
Qh8+ Ke7 22. Qxg7# 1-0